Energía solar y agricultura : bombeos directos y riego automático por goteo con energía solar fotovoltaica /

Gardado en:
Detalles Bibliográficos
Autor Principal: García Araque, Inocente (autor)
Formato: Libro
Idioma:Lingua castelá
Publicado: Madrid, España : SAPT, 2000, c2000
Series:(Era Solar. Energías Renovables)
Temas:
Etiquetas: Engadir etiqueta
Sen Etiquetas, Sexa o primeiro en etiquetar este rexistro!

MARC

LEADER 00000nam^a2200000^a^4500
001 000146703
005 20250521000000.0
009 20260310095922.417
020 |a 84-86913-08-X 
037 |a Acervo ITESO - Biblioteca 
041 |a ESP 
082 |a 631. 371  |b GAR 
100 |a García Araque, Inocente  |e (autor) 
245 1 0 |a Energía solar y agricultura :  |b bombeos directos y riego automático por goteo con energía solar fotovoltaica /  |c I. García Araque. 
264 4 |a Madrid, España :  |b SAPT,  |c 2000, c2000 
300 |a 117 p. 
336 |a texto  |b txt  |2 rdacontenido 
337 |a sin mediación  |b n  |2 rdamedio 
338 |a volumen  |b nc  |2 rdasoporte 
440 1 |a (Era Solar.  |p Energías Renovables) 
649 |a XX 
650 |a Energía Solar -  |x Equipo y Aparatos 
650 |a Radiación Solar 
650 |a Recursos Energéticos 
650 |a Agua de Riego 
650 |a Riego por Goteo 
650 |a Maquinaria de Bombeo 
650 |a Ingeniería Hidráulica 
650 |a Uvas -  |x Enfermedades y Plagas 
650 |a Plantas -  |x Absorción de Agua 
650 |a Plantas -  |x Cultivo 
650 |a Agricultura 
910 |a Fondo General 
920 |a Impresos - Libros 
930 |a Colección General 
905 |a 101 
901 |a 0500076122  |b IT1  |c ACC  |u 20250521 
902 |a https://opac.biblio.iteso.mx/vufind/Record/000146703